Complete the French and Russian Book Titles - Click Quiz - Statistics

General Stats
  • This quiz has been taken 30 times
  • The average score is 20 of 24
Answer Stats
Hint Answer % Correct
Journey to the Center of the Earth
100%
Anna Karenina
96%
War and Peace
96%
Crime and Punishment
96%
The Red and the Black
96%
The Social Contract
93%
Around the World in Eighty Days
93%
The Count of Monte Cristo
93%
The Three Musketeers
93%
The Hunchback of Notre-Dame
93%
The Little Prince
89%
Fathers and
Sons
89%
The Phantom of the Opera
89%
Doctor Zhivago
85%
Madame Bovary
81%
The Brothers Karamazov
81%
The Cherry Orchard
81%
The Gulag Archipelago
74%
In Search of Lost Time
74%
Father Goriot
70%
Eugene Onegin
67%
The Human Comedy
63%
The Flowers of Evil
63%
The Master and Margarita
56%
No matching quizzes found
Score Distribution
Percent of People with Each Score
Percentile by Number Answered
Your Score History
You have not taken this quiz